Optimalizácia základu dane superodpočtom aj v roku 2021

Zvýšenie odpočtu výdavkov vynaložených na výskum a vývoj od základu dane. Cieľ oblasti vedy a vývoja - plán obnovy financovania výskumu a posilnenie konkurencieschopnosti. Účtovanie nákladov vynaložených na výskum a vývoj. Vzorec výpočtu zvýšeného odpočtu výdavkov na výskum a vývoj.

Na minha lista:
Detalhes bibliográficos
Autor principal: Jurčíková, Božena
Formato: Capítulo de Livro
Idioma:eslovaco
Assuntos:
Tags: Adicionar Tag
Sem tags, seja o primeiro a adicionar uma tag!

MARC

LEADER 00000naa a2200000 4500
001 0279373
005 20240417075146.7
041 0 |a slo 
044 |a SK 
245 1 0 |a Optimalizácia základu dane superodpočtom aj v roku 2021  |c Božena Jurčíková 
520 |a Zvýšenie odpočtu výdavkov vynaložených na výskum a vývoj od základu dane. Cieľ oblasti vedy a vývoja - plán obnovy financovania výskumu a posilnenie konkurencieschopnosti. Účtovanie nákladov vynaložených na výskum a vývoj. Vzorec výpočtu zvýšeného odpočtu výdavkov na výskum a vývoj. 
610 2 0 |a dane 
610 2 0 |a výskum 
610 2 0 |a vývoj 
610 2 0 |a základ dane 
610 2 0 |a výdavky 
610 2 0 |a náklady 
100 1 |a Jurčíková, Božena